NBA 2022–2023 Trivia - Statistics

General Stats
  • This quiz has been taken 1,731 times
    1,671 since last reset
  • The average score is 10 of 15
Answer Stats
Date Hint Answer % Correct
1/24/23 This player became the first in NBA history to record at least 40 points against all 30 NBA teams. LeBron James
91%
1/31/23 This player passed Mark Jackson and Steve Nash for 4th on the all-time assists list. LeBron James
91%
2/7/23 This player passed Kareem Abdul-Jabbar for 1st on the all-time scoring list. LeBron James
91%
- This NBA legend's number was retired across the league following his death. Bill Russell
87%
11/4/22 This player became the second to score 30+ points in the first eight games of the season alongside Wilt Chamberlain. Luka Dončić
82%
12/27/22 This player became the first in NBA history to record a 60-point, 20-rebound triple-double. Luka Dončić
82%
12/31/22 This player became the first in NBA history to record 250 points, 50 rebounds, and 50 assists in a five game span. Luka Dončić
82%
12/28/22 This player passed Tim Duncan for 15th on the all-time scoring list. Kevin Durant
74%
1/2/23 This player became the seventh in NBA history to score 70 or more points in a single game, and the first to record at least 70 points and 10 assists in a single game. Donovan Mitchell
69%
7/9/22 This player signed a five-year, $264 million extension, the largest in league history. Nikola Jokić
68%
11/13/22 This player became the first in NBA history to record 50+ points, 10+ rebounds, 5+ assists, and 5+ blocks in a game. Joel Embiid
62%
10/22/22 This rookie became the first teenager to score 20+ points in their first three career games. His streak went on to last six games. Paolo Banchero
59%
1/31/23 This player passed Gary Payton for 10th on the all-time assists list. Russell Westbrook
58%
10/28/22 This player became the 50th ever to record 20,000 career points. DeMar DeRozan
33%
12/26/22 This player became the fastest to reach 800 career 3-pointers made. Duncan Robinson
19%
No matching quizzes found
Score Distribution
Percent of People with Each Score
Percentile by Number Answered
Your Score History
You have not taken this quiz since the last reset